Religion Quiz

Random Religion or Church Quiz
Score 0/16 Timer 05:00
0 Plays Today
ope Popes % Correct
ohn PauJohn Paul
96.6%
nnocenInnocent
93.4%
enedicBenedict
92.3%
alentinValentine
90.9%
lemenClement
90.1%
etePeter
88.9%
onifacBoniface
86%
elestinCelestine
83.7%
ope Popes % Correct
ixtuSixtus
80.3%
inuLinus
72.9%
acharZachary
68.2%
abiaFabian
63.6%
ilariuHilarius
61%
ugenEugene
59.7%
eLeo
55.7%
eliFelix
55.3%

You're not logged in!

Compare scores with friends on all Sporcle quizzes.
OR
Log In

Sporcle TV

Today on Sporcle TV


Watch our educational content, quiz creation guides, and fun videos on Sporcle TV.

Show Comments

Extras

Top Quizzes Today


Score Distribution

Paid Content

Your Account Isn't Verified!

In order to create a playlist on Sporcle, you need to verify the email address you used during registration. Go to your Sporcle Settings to finish the process.

Report this User

Report this user for behavior that violates our Community Guidelines.

Details: